Top 15 Countries with Covid-19 Deaths - 1 September 2022 - Statistics

General Stats
  • This quiz has been taken 53 times
  • The average score is 15 of 27
Answer Stats
country % Correct
United States
98%
India
96%
Italy
92%
Mexico
92%
United Kingdom
92%
Germany
90%
Russia
90%
France
88%
Brazil
86%
Poland
75%
Argentina
73%
Iran
65%
Indonesia
59%
Colombia
57%
Peru
53%
Romania
41%
Bulgaria
35%
Czechia
35%
Hungary
35%
Croatia
31%
Slovakia
31%
Slovenia
27%
Bosnia and Herzegovina
22%
Latvia
20%
Lithuania
20%
Georgia
16%
North Macedonia
12%
No matching quizzes found
Score Distribution
Percent of People with Each Score
Percentile by Number Answered
Your Score History
You have not taken this quiz